Manažérske zručnosti bankový manažment

Na minha lista:
Detalhes bibliográficos
Autor principal: Ondrejkovič, Peter
Formato: Livro
Idioma:eslovaco
Publicado em: Bratislava Národná banka Slovenska / Inštitút bankového vzdelávania 2000
Assuntos:
Tags: Adicionar Tag
Sem tags, seja o primeiro a adicionar uma tag!

MARC

LEADER 00000nam$a2200000$$$4500
001 0054161
005 20240111125110.7
020 |a 80-8043-049-7 
041 0 |a slo 
044 |a SK 
245 1 0 |a Manažérske zručnosti  |b bankový manažment  |c Peter Ondrejkovič ...[et al.] 
264 1 |a Bratislava  |b Národná banka Slovenska / Inštitút bankového vzdelávania  |c 2000 
300 |a 260 s. 
610 2 0 |a manažéri 
610 2 0 |a zručnosti 
610 2 0 |a osobnosť 
610 2 0 |a stresy 
610 2 0 |a riadenie času 
610 2 0 |a plánovanie 
610 2 0 |a efektívnosť 
610 2 0 |a vedenie ľudí 
610 2 0 |a kontrola 
100 1 |a Ondrejkovič, Peter